Statistics for Who won each state in 2004

Click here to take the quiz!

General Stats

  • This quiz has been taken 12 times
  • The average score is 52 of 56

Answer Stats

StateCandidate% Correct
AlaskaGeorge W. Bush
100%
South DakotaGeorge W. Bush
100%
North CarolinaGeorge W. Bush
100%
TennesseeGeorge W. Bush
100%
South CarolinaGeorge W. Bush
100%
GeorgiaGeorge W. Bush
100%
FloridaGeorge W. Bush
100%
AlabamaGeorge W. Bush
100%
MississippiGeorge W. Bush
100%
LouisianaGeorge W. Bush
100%
North DakotaGeorge W. Bush
100%
NebraskaGeorge W. Bush
100%
Nebraska's 3rdGeorge W. Bush
100%
Nebraska's 2ndGeorge W. Bush
100%
Nebraska's 1stGeorge W. Bush
100%
ArkansasGeorge W. Bush
100%
KansasGeorge W. Bush
100%
ArizonaGeorge W. Bush
100%
IdahoGeorge W. Bush
100%
OklahomaGeorge W. Bush
100%
UtahGeorge W. Bush
100%
NevadaGeorge W. Bush
100%
New MexicoGeorge W. Bush
100%
ColoradoGeorge W. Bush
100%
WyomingGeorge W. Bush
100%
MontanaGeorge W. Bush
100%
TexasGeorge W. Bush
100%
West VirginiaGeorge W. Bush
89%
OhioGeorge W. Bush
89%
IndianaGeorge W. Bush
89%
IowaGeorge W. Bush
89%
MissouriGeorge W. Bush
89%
KentuckyGeorge W. Bush
89%
MarylandJohh Kerry
89%
New YorkJohn Kerry
89%
VermontJohn Kerry
89%
New JerseyJohn Kerry
89%
Rhode IslandJohn Kerry
89%
ConnecticutJohn Kerry
89%
New HamoshireJohn Kerry
89%
MassachusettsJohn Kerry
89%
Maine's 1stJohn Kerry
89%
DelawareJohn Kerry
89%
IllinoisJohn Kerry
89%
PennsylvaniaJohn Kerry
89%
Washington D.C.John Kerry
89%
WisconsinJohn Kerry
89%
MinnesotaJohn Kerry
89%
CaliforniaJohn Kerry
89%
OregonJohn Kerry
89%
HawaiiJohn Kerry
89%
WashingtonJohn Kerry
89%
MaineJohn Kerry
89%
VirginiaGeorge W. Bush
78%
MichiganJohn Kerry
78%
Maine's 2ndJohn Kerry
78%

Score Distribution

Percentile by Number Answered

Percent of People with Each Score

Your Score History

You have not taken this quiz